Jerome Flynn Filmography - Statistics

General Stats
  • This quiz has been taken 7 times
    2 since last reset
  • The average score is 6 of 45
Answer Stats
Type Year Name % Correct
Web Series 2016 Black Mirror
100%
Web Series 2022-2025 1923
50%
Film 1988 A Summer Story
50%
Film 1991 Edward II
50%
TV Show 2011-2019 Game of Thrones
50%
Film 2019 John Wick: Chapter 3 - Parabellum
50%
Film 2025 L2: Empuraan
50%
Film 2017 Loving Vincent
50%
TV Show 2012-2016 Ripper Street
50%
TV Show 1991-1995 Soldier Soldier
50%
TV Show 2023-Present The Change
50%
TV Mini-Series 1997 Ain't Misbehavin'
0%
TV Show 1985 American Playhouse
0%
TV Film 1995 A Mind to Murder
0%
Theater 1989-1990 As You Like It
0%
TV Show 1999-2000 Badger
0%
TV Show 1990 Bergerac
0%
Film 2000 Best
0%
TV Show 1992 Between the Lines
0%
TV Show 1991 Boon
0%
TV Show 1986 Breaking Up
0%
TV Show 1991 Casualty
0%
Film 2013 Dante's Daemon
0%
TV Film 1993 Don't Leave Me This Way
0%
Documentary 2020 Elephant Refugees
0%
TV Show 1987 Flying Lady
0%
Short Documentary 2020 Hogwood: A Modern Horror Story
0%
Theater 1983 Huckleberry Finn
0%
Theater 2003 Jus' Like That!
0%
Film 1991 Kafka
0%
TV Film 1986 London's Burning
0%
TV Show 1999 Ruth Rendell Mysteries
0%
TV Show 1986 Screen Two
0%
TV Show 1995 Surprise! Surprise!
0%
TV Pilot 2020 The Dark Tower
0%
Theater 1989-1990 The Duchess of Malfi
0%
TV Show 1988 The Fear
0%
Documentary 2022 The Land of Ahimsa
0%
TV Mini-Series 1986 The Monocled Mutineer
0%
TV Film 2021 The Trick
0%
Theater 1990-1991 Timon of Athens
0%
Film 1988 To Kill a Priest
0%
TV Show 2007 Tommy Zoom
0%
TV Show 1995 Top of the Pops
0%
TV Mini-Series 1988 Troubles
0%
No matching quizzes found
Score Distribution
Percent of People with Each Score
Percentile by Number Answered
Your Score History
You have not taken this quiz since the last reset